MARC details
| 000 -LEADER |
| campo de control de longitud fija |
02307nam a2200529 i 4500 |
| 001 - NÚMERO DE CONTROL |
| campo de control |
198319 |
| 003 - IDENTIFICADOR DE NÚMERO DE CONTROL |
| campo de control |
ES-MaACL |
| 005 - FECHA Y HORA DE LA ÚLTIMA TRANSACCIÓN |
| campo de control |
20260518181804.0 |
| 007 - CAMPO FIJO DE DESCRIPCIÓN FÍSICA--INFORMACIÓN GENERAL |
| campo de control de longitud fija |
ta |
| 008 - DATOS DE LONGITUD FIJA--INFORMACIÓN GENERAL |
| campo de control de longitud fija |
260518s19671972sp ||||| |||| 001 0 spa d |
| 017 ## - NÚMERO DE COPYRIGHT O DE DEPÓSITO LEGAL |
| Número de copyright o de depósito legal |
B 31403-1967 |
| Agencia que asigna |
Oficina Depósito Legal Barcelona |
| 017 ## - NÚMERO DE COPYRIGHT O DE DEPÓSITO LEGAL |
| Número de copyright o de depósito legal |
B 31403-1968 |
| Agencia que asigna |
Oficina Depósito Legal Barcelona |
| 017 ## - NÚMERO DE COPYRIGHT O DE DEPÓSITO LEGAL |
| Número de copyright o de depósito legal |
B 31403-1969 |
| Agencia que asigna |
Oficina Depósito Legal Barcelona |
| 017 ## - NÚMERO DE COPYRIGHT O DE DEPÓSITO LEGAL |
| Número de copyright o de depósito legal |
B 30332-1970 |
| Agencia que asigna |
Oficina Depósito Legal Barcelona |
| 017 ## - NÚMERO DE COPYRIGHT O DE DEPÓSITO LEGAL |
| Número de copyright o de depósito legal |
B 552-1971 |
| Agencia que asigna |
Oficina Depósito Legal Barcelona |
| 017 ## - NÚMERO DE COPYRIGHT O DE DEPÓSITO LEGAL |
| Número de copyright o de depósito legal |
B 21693-1971 |
| Agencia que asigna |
Oficina Depósito Legal Barcelona |
| 017 ## - NÚMERO DE COPYRIGHT O DE DEPÓSITO LEGAL |
| Número de copyright o de depósito legal |
B 50223-1971 |
| Agencia que asigna |
Oficina Depósito Legal Barcelona |
| 040 ## - FUENTE DE CATALOGACIÓN |
| Centro catalogador/agencia de origen |
ES-MaACL |
| Lengua de catalogación |
spa |
| Centro/agencia transcriptor |
ES-MaACL |
| Normas de descripción |
rda |
| 080 ## - NÚMERO DE LA CLASIFICACIÓN DECIMAL UNIVERSAL |
| Número de la Clasificación Decimal Universal |
821.133.1-32"18"(082.2) |
| 100 1# - ENTRADA PRINCIPAL--NOMBRE DE PERSONA |
| Nombre de persona |
Balzac, Honoré de, |
| Fechas asociadas al nombre |
1799-1850 |
| Relación |
aut |
| 9 (RLIN) |
25139 |
| Término indicativo de función/relación |
Autor |
| 240 13 - TÍTULO UNIFORME |
| Título uniforme |
La comédie humaine. |
| Lenguaje de la obra |
Español |
| 245 13 - MENCIÓN DEL TÍTULO |
| Título |
La comedia humana / |
| Mención de responsabilidad, etc. |
Honoré de Balzac ; traducción de Pedro Pellicena |
| 250 ## - MENCION DE EDICION |
| Mención de edición |
Primera edición |
| 264 #1 - PRODUCCIÓN, PUBLICACIÓN, DISTRIBUCIÓN, FABRICACIÓN Y COPYRIGHT |
| Producción, publicación, distribución, fabricación y copyright |
Esplugas de Llobregat (Barcelona) : |
| Nombre del de productor, editor, distribuidor, fabricante |
Plaza & Janés, |
| Fecha de producción, publicación, distribución, fabricación o copyright |
1967-1972 |
| 300 ## - DESCRIPCIÓN FÍSICA |
| Extensión |
8 volúmenes ; |
| Dimensiones |
18 cm |
| 336 ## - TIPO DE CONTENIDO |
| Fuente |
rdacontent |
| Término de tipo de contenido |
Texto |
| 337 ## - TIPO DE MEDIO |
| Fuente |
rdamedia |
| Nombre/término del tipo de medio |
sin mediación |
| 338 ## - TIPO DE SOPORTE |
| Fuente |
rdacarrier |
| Nombre/término del tipo de soporte |
volumen |
| 490 0# - MENCIÓN DE SERIE |
| Mención de serie |
Los Clásicos del Siglo XIX |
| 500 ## - NOTA GENERAL |
| Nota general |
Registro provisional |
| 500 ## - NOTA GENERAL |
| Nota general |
Firma de J. Porto en portada |
| 500 ## - NOTA GENERAL |
| Nota general |
Índices |
| 655 #4 - TERMINO DE INDIZACIÓN--GENERO/FORMA |
| Datos o término principal de género/forma |
Novelas sociales |
| 9 (RLIN) |
234402 |
| 700 1# - ENTRADA AGREGADA--NOMBRE PERSONAL |
| Nombre de persona |
Pellicena, Pedro |
| Relación |
trl |
| 9 (RLIN) |
90079 |
| Término indicativo de función/relación |
Traductor |
| 852 ## - LOCALIZACIÓN |
| Ubicación |
ES-MaACL |
| Ubicación en estantería |
Despachos-biblioteca |
| Número de control de estantería |
DB-169 |
| Donativo/Legado |
Donación: J. Porto |
| Encuadernación |
Encuadernación cartoné |
| itemnumber |
207293 |
| 852 ## - LOCALIZACIÓN |
| Ubicación |
ES-MaACL |
| Ubicación en estantería |
Despachos-biblioteca |
| Número de control de estantería |
DB-170 |
| Donativo/Legado |
Donación: J. Porto |
| Encuadernación |
Encuadernación cartoné |
| itemnumber |
207294 |
| 852 ## - LOCALIZACIÓN |
| Ubicación |
ES-MaACL |
| Ubicación en estantería |
Despachos-biblioteca |
| Número de control de estantería |
DB-171 |
| Donativo/Legado |
Donación: J. Porto |
| Encuadernación |
Encuadernación cartoné |
| itemnumber |
207295 |
| 852 ## - LOCALIZACIÓN |
| Ubicación |
ES-MaACL |
| Ubicación en estantería |
Despachos-biblioteca |
| Número de control de estantería |
DB-172 |
| Donativo/Legado |
Donación: J. Porto |
| Encuadernación |
Encuadernación cartoné |
| itemnumber |
207296 |
| 852 ## - LOCALIZACIÓN |
| Ubicación |
ES-MaACL |
| Ubicación en estantería |
Despachos-biblioteca |
| Número de control de estantería |
DB-173 |
| Donativo/Legado |
Donación: J. Porto |
| Encuadernación |
Encuadernación cartoné |
| itemnumber |
207298 |
| 852 ## - LOCALIZACIÓN |
| Ubicación |
ES-MaACL |
| Ubicación en estantería |
Despachos-biblioteca |
| Número de control de estantería |
DB-174 |
| Donativo/Legado |
Donación: J. Porto |
| Encuadernación |
Encuadernación cartoné |
| itemnumber |
207299 |
| 852 ## - LOCALIZACIÓN |
| Ubicación |
ES-MaACL |
| Ubicación en estantería |
Despachos-biblioteca |
| Número de control de estantería |
DB-175 |
| Donativo/Legado |
Donación: J. Porto |
| Encuadernación |
Encuadernación cartoné |
| itemnumber |
207300 |
| 852 ## - LOCALIZACIÓN |
| Ubicación |
ES-MaACL |
| Ubicación en estantería |
Despachos-biblioteca |
| Número de control de estantería |
DB-176 |
| Donativo/Legado |
Donación: J. Porto |
| Encuadernación |
Encuadernación cartoné |
| itemnumber |
207301 |
| 942 ## - ELEMENTOS DE ENTRADA SECUNDARIOS (KOHA) |
| Tipo de ítem Koha |
Libro impreso |
| Suprimir en OPAC |
No |